Haltestellen der Mühlkreisbahn - Statistiken

Allgemein
  • Dieses Quiz wurde 5 mal gespielt
  • Das Durchschnittsergebnis liegt bei 12 aus 17
Antwortstatistiken
Haltestellen % Korrekt
Haslach
100%
Ottensheim
100%
Puchenau
100%
Puchenau West
100%
Rohrbach-Berg
100%
Neufelden
80%
Rottenegg
80%
Schlägl
80%
Walding
80%
Lacken
60%
Neuhaus-Niederwaldkirchen
60%
Oepping
60%
Achleitnersiedlung
40%
Dürnberg
40%
Gerling OÖ
40%
Iglmühle
40%
Kleinzell
40%
Keine übereinstimmenden Quizze gefunden
Verteilung der Resultate
Anzahl Personen mit jedem Resultat
Perzentil nach korrekt beantworteten Fragen
Ihre Resultats-Entwicklung
Sie haben dieses Quiz noch nicht gespielt